000 00438nam a22001697a 4500
005 20160523101829.0
008 160523b xxu||||| |||| 00| 0 eng d
020 _a0-19-511589-9
041 _aeng
082 _b4102
100 _aMeier/ Gerald M. Rauch / James -L
_91010
245 _aLeading Inssues in Economics Development
260 _aNew Delhi
_bAcademic Faundation
300 _a566
650 _aManagement
_9241
942 _cBK
999 _c1378
_d1378